00960cam a22002651 450000100060000000300080000600500170001400800450003103500190007604000230009504100080011808200190012610000430014524500880018826000530027630000210032949000240035050000510037450400290042565100370045474000380049194200120052999900170054195201360055828235BD-RjUL20211209051244.0140329s19751966 nyu b 000 0ceng  a(BD-RjUL)28316 aDLCcDLCdDLCbeng aeng a973bGRE 19751 aMersand, Joseph E.,d1907-1981,98647210aGreat modern American short biographies /cedited and introduced by Joseph Mersand. aNew York,bDell Pub. Co.,c1966 [Reprinted 1975] a256 p. :c18 cm.0 aLaurel-leaf library aCover title: Great American short biographies. aIncludes bibliographies. 0aUnited StatesvBiography.9751780 aGreat American short biographies. 2ddccBK c28235d28235 00102ddc40728NFICaRUCLbRUCLcReadingd1987-07-17eAsia Foundationl0o973 GRE 1975r2014-03-29 00:00:00tC-1w2014-03-29yBK